000 00649cam a22002053a 4500
001 41810
003 PGUSA
005 20140828083937.0
008 130110s2013||||xxu|||||s|||||000 | eng d
040 _aPGUSA
_beng
042 _adc
245 1 2 _aA Spanish Anthology :
_b  A Collection of Lyrics from the Thirteenth Century Down to the Present Time
_h[electronic resource]
260 _bProject Gutenberg,
_c2013
506 _aPublic domain in the USA.
516 _aElectronic text
700 1 _aFord, J. D. M.
_q(Jeremiah Denis Matthias)
830 0 _aProject Gutenberg
_v41810
856 4 0 _uhttp://www.gutenberg.org/ebooks/41810
942 _cEB
999 _c271062
_d271062